Statistiques concernant Les rois de Prusse

Cliquez ici pour prendre le quiz!

Statistiques générales

  • Ce quiz a été pris 94 fois
  • Le résultat moyen est 6 sur 9

Statistiques - réponses

Date du règneRois% Correct
1740-1786Frédéric II
94%
1888-1918Guillaume II
82%
1888-1888Frédéric III
69%
1861-1888Guillaume Ier
66%
1786-1797Frédéric-Guillaume II
62%
1797-1840Frédéric-Guillaume III
60%
1701-1713Frédéric Ier
59%
1840-1861Frédéric-Guillaume IV
54%
1713-1740Frédéric-Guillaume Ier
49%

Distribution des résultats

Percentile par nombre de réponses

% des personnes avec chaque résultat

Votre développement - résultats

Vous n’avez pas pris ce quiz